000 00443nam a22001817a 4500
003 MPLRDC
005 20220104143323.0
008 210129b ||||| |||| 00| 0 eng d
020 _a978-983-44272-0-7
082 _a848.2 ZQ-2 c.2
100 _a张荃
245 _a中国女文学家的故事
_c
250 _a初版
260 _a马来西亚
_b李云溪
_c2008
300 _b145
650 _a现代别集
942 _cBK
_o848.2 ZQ-2 c.2
999 _c38753
_d38743